00830nam a2200253 i 4500003000900000005001700009007000300026008004100029020001800070040003000088041000800118082002200126100004700148245005700195250002200252264004800274300004400322336002700366337003300393338002800426500007200454650002400526650002600550DO-SdBNP20250620091425.0ta250220s2010 dr a r 000 0 spa d a9789945460858 aDO-SdBNPbspacBNPHUerda aspa 4aRD863.5bU75o2221 aUreña Rib, Fernando,d1951-eautor4aut.10aOtra versión del paraíso /cFernando Ureña Rib aPrimera edición 1aSanto Domingo :bEditora Santuario, c2010. a165 páginas :bilustraciones,c22 cm. atextobtxt2rdacontent asin mediaciónbn2rdamedia avolumenbnc2rdacarrier aIncluye datos biografícos del autor en la solapa de la cubierta.  4aCuentos dominicanos 4aLiteratura dominicana